Statistics for Countries where guns are illegal

Click here to take the quiz!

General Stats

  • This quiz has been taken 68 times
  • The average score is 8 of 14

Answer Stats

Country% Correct
China
84%
North Korea
82%
South Korea
81%
Japan
74%
Vietnam
73%
India
65%
Indonesia
65%
Singapore
65%
Malaysia
61%
Taiwan
61%
Iran
58%
Lebanon
19%
Venezuela
16%
Eritrea
8%

Score Distribution

Percentile by Number Answered

Percent of People with Each Score

Your Score History

You have not taken this quiz